[Event "84th Annual Southwest Open"]
[Site "Irving"]
[Date "2018.09.02"]
[Round "6"]
[White "Kumar, Nikhil"]
[Black "Stefanov, Emil"]
[Result "0-1"]
[WhiteElo "2268"]
[BlackElo "2407"]
[Annotator "TA"]
[PlyCount "94"]
[EventDate "2018.08.31"]
[EventType "swiss"]
[EventCountry "USA"]
[SourceTitle "playchess.com"]
[Source "ChessBase"]
[SourceQuality "1"]

{[%evp 18,94,14,2,0,0,4,-43,-31,-55,-29,-36,-33,-103,-104,-118,-103,-106,-83,-83,0,41,57,18,29,-3,-23,-34,0,-106,-81,-85,-50,-103,-92,-154,-130,-125,-126,-153,-32,0,0,0,0,-164,-175,-274,-267,-262,-242,-704,-437,-691,-677,-655,-614,-604,-575,-819,-909,-777,-701,-5700,-5774,-29970,-29971,-29976,-29978,-29978,-29979,-29979,-29980,-29980,-29981,-29981,-29982,-29982,-29982]} 1. d4 d6 2. c4 e5 3. Nf3 e4 4. Ng5 f5 5. Nc3 Be7 6. Nh3 c6 7. e3 Nf6 8. Be2 O-O 9. O-O Na6 {A21: English Opening: 1...e5 2 Nc3} 10. Bd2 {LiveBook: 3 Games} (10. d5 Bd7 11. a3 c5 12. f3 exf3 13. gxf3 Qe8 14. Kh1 Bd8 15. Rg1 Ba5 16. Nb5 Qe7 17. Nf4 {1-0 (29) Papp,G (2593)-Vovk,Y (2588) Slovakia 2014}) 10... Nc7 11. f3 exf3 {The position is equal.} 12. gxf3 $146 ({Predecessor:} 12. Bxf3 Be6 13. Qb3 b5 14. Bxc6 Bxc4 15. Qc2 Bxf1 16. Bxa8 Qxa8 17. Rxf1 {1-0 (80) Herraiz Hidalgo,H (2394)-Nelson,J San Sebastian 1999}) 12... d5 13. Be1 Be6 14. Nf4 Bf7 15. Nd3 (15. Bd3 $15) 15... dxc4 $17 16. Ne5 b5 $1 17. Nxc6 Qe8 $1 {[%cal Re8c6]} 18. Ne5 f4 (18... Bd6 $17 19. f4 b4) 19. e4 $14 Be6 20. Kh1 Rd8 21. Bf2 Bd6 $36 {[%mdl 2048] White must now prevent ...Bxe5. Black is pushing.} 22. Qc2 a6 23. Rg1 {[#]} (23. a4 $11) 23... Bxe5 $1 $17 24. dxe5 Nd7 25. Bd4 (25. Rad1 $15) 25... Qh5 26. Nd5 ({White should try} 26. b3) 26... Nxd5 27. exd5 Bxd5 28. e6 Bxf3+ ({Black should play} 28... Ne5 $17 29. e7 Bxf3+ 30. Bxf3 Qxf3+ 31. Rg2 Rxd4 32. exf8=N Kxf8 33. Qf5+ Nf7 34. Qc5+ Rd6) 29. Bxf3 $15 Qxf3+ 30. Qg2 Qxg2+ 31. Rxg2 $2 (31. Kxg2 $11 {and White is okay.} Nf6 32. e7 Rxd4 33. exf8=R+ Kxf8 34. Rad1) 31... Nf6 $19 32. Rag1 {[#]} (32. Bc3 $142 f3 33. Rg3) 32... g6 $1 ({Don't do} 32... Rxd4 33. Rxg7+ Kh8 34. e7 $17) 33. e7 Rxd4 34. Rxg6+ $2 (34. exf8=Q+ Kxf8 35. Re2) 34... hxg6 35. Rxg6+ Kf7 36. exf8=Q+ Kxf8 37. Rxf6+ {[%mdl 4096] Endgame KR-KR} Ke7 38. Rxa6 f3 {[%cal Rd4d1]} 39. Kg1 Rd2 40. a4 Rxb2 41. axb5 c3 {Black mates.} 42. b6 c2 {[%cal Rc2c1]} 43. Ra7+ Ke6 {[%cal Rc2c1]} 44. Rc7 Rb1+ 45. Kf2 c1=Q 46. Rxc1 Rxc1 47. b7 Rb1 {Precision: White = 26%, Black = 71%.} 0-1

[Event "84th Annual Southwest Open"]
[Site "Irving"]
[Date "2018.09.02"]
[Round "6"]
[White "Findlay, Ian T"]
[Black "Hung, Daniel"]
[Result "1/2-1/2"]
[WhiteElo "2263"]
[BlackElo "2104"]
[Annotator "TA"]
[PlyCount "56"]
[EventDate "2018.08.31"]
[EventType "swiss"]
[EventCountry "USA"]
[SourceTitle "playchess.com"]
[Source "ChessBase"]
[SourceQuality "1"]

{[%evp 20,56,30,33,35,52,47,68,72,36,69,70,63,53,75,69,81,42,49,66,50,56,80,38,38,0,0,-18,-23,-24,-26,-25,-22,-28,29,29,26,-29,0]} 1. e4 e6 2. d4 d5 3. Nd2 c5 4. exd5 Qxd5 5. Ngf3 cxd4 6. Bc4 Qd6 7. O-O Nf6 8. Nb3 Nc6 9. Nbxd4 Nxd4 10. Nxd4 a6 11. Re1 {LiveBook: 744 Games} b5 {C07: French Tarrasch: 3...c5, 4 Ngf3 and 4 exd5 Qxd5} (11... Qc7 12. Qe2 Bc5 13. c3 O-O 14. Bg5 b5 15. Bd3 Nd5 16. Qh5 g6 17. Qh4 Bb7 18. a4 bxa4 19. Rxa4 Rfe8 20. Nf3 {1-0 (29) Wei,Y (2729)-So,W (2780) chess.com INT 2018}) 12. Bb3 {Strongly threatening Qf3.} Be7 13. Qf3 Ra7 {White is slightly better.} 14. Qc6+ Qxc6 $146 ({Predecessor:} 14... Qd7 15. Bf4 Bb7 16. Qb6 Bd5 17. Nf5 Rb7 18. Qxa6 Ra7 19. Nd6+ Bxd6 20. Qxd6 Qxd6 21. Bxd6 {1-0 (33) Bacino,G (2036)-Naumovic,J (2233) IECG email 1998}) 15. Nxc6 Rc7 16. Nxe7 Kxe7 17. Bf4 Rd7 18. a4 {[%cal Ba2a4,Ba4b5][%mdl 32]} Nd5 19. Be5 f6 20. Bd4 Kd6 21. axb5 e5 22. Bxe5+ fxe5 23. Rad1 Kc5 $1 24. Rxe5 {[%cal Rb3d5]} Rhd8 25. bxa6 $1 Bxa6 26. f3 Bc4 ({Black should try} 26... Bb7) 27. Ba4 $11 Bb5 {[#]} 28. Bb3 (28. b4+ $142 $1 {[%mdl 512]} Kc6 (28... Kxb4 29. Re4+) 29. Re6+ Rd6 30. Rxd5 Bxa4 31. Rexd6+ Rxd6 32. Ra5 Rd1+ 33. Kf2 Rd2+ 34. Ke3 Rxc2 35. Rxa4) 28... Bc4 {Precision: White = 40%, Black = 35%.} 1/2-1/2

[Event "84th Annual Southwest Open"]
[Site "Irving"]
[Date "2018.09.02"]
[Round "6"]
[White "Easton, Jack"]
[Black "Kung, Thomas"]
[Result "1/2-1/2"]
[WhiteElo "2262"]
[BlackElo "2132"]
[Annotator "TA"]
[PlyCount "111"]
[EventDate "2018.08.31"]
[EventType "swiss"]
[EventCountry "USA"]
[SourceTitle "playchess.com"]
[Source "ChessBase"]
[SourceQuality "1"]

{[%evp 23,111,0,29,0,31,15,20,12,17,22,39,0,6,-35,-50,-41,-43,-47,-36,-44,-40,-59,-59,-60,-68,-75,-59,-57,-58,-61,-60,-58,-58,-65,-65,-65,-59,-59,-59,-66,0,-2,0,0,0,0,0,-631,-660,-554,-459,-911,-890,-941,-931,-930,-613,-564,0,0,0,-484,-74,-385,-126,-431,0,0,0,0,0,0,0,-29967,-29970,-29971,-29973,-29973,-29974,-29972,0,0,0,0,0,0,0,0,0,0]} 1. d4 Nf6 2. c4 g6 3. Nc3 d5 4. cxd5 Nxd5 5. e4 Nxc3 6. bxc3 Bg7 7. Nf3 c5 8. Be3 Qa5 9. Qd2 O-O 10. Rc1 cxd4 11. cxd4 Qxd2+ {D85: Exchange Grünfeld: Unusual White 7th moves and lines with 7 Nf3} (11... Nc6 12. d5 Qxd2+ 13. Bxd2 Ne5 14. Bb4 Bd7 15. Be2 Rfc8 16. O-O e6 17. Bd6 Nxf3+ 18. Bxf3 exd5 19. exd5 Rxc1 20. Rxc1 {½-½ (38) Baryshpolets,A (2609)-Corrales Jimenez,F (2542) Sturbridge 2018}) 12. Bxd2 Rd8 {LiveBook: 6 Games} 13. Bb5 b6 $146 ({Predecessor:} 13... Nc6 14. d5 Nd4 15. Nxd4 Bxd4 16. Bc3 {½-½ (16) Rojicek,V (2433)-Caletka,R (2362) Czechia 2015}) 14. O-O Ba6 15. a4 Bxb5 16. axb5 a6 17. Rc7 axb5 18. Rfc1 Na6 19. Rxe7 Bxd4 20. Nxd4 Rxd4 21. Be3 Rc4 22. Ra1 Ra4 23. Rb1 Nc5 24. g3 Ra1 25. Rxa1 Rxa1+ $15 {[%mdl 4096] Endgame KRB-KRN} 26. Kg2 Ra8 27. Rc7 b4 {...b3 is the strong threat.} 28. Bxc5 bxc5 29. Rxc5 {KR-KR} Rb8 30. Rc2 $1 Kf8 31. Kf3 Ke7 (31... g5 $15) 32. Ke3 $1 $11 g5 33. f3 $1 b3 34. Rb2 Kd6 35. h4 $2 {[%mdl 8192]} (35. Kd4 $11) 35... gxh4 $19 36. gxh4 Kc5 37. Kd3 (37. Kd2 $142 Kb4 38. Rb1) 37... Kb4 38. Rb1 Ka3 39. Ra1+ Kb2 40. Ra7 Kc1 {aiming for ...b2.} 41. Ra1+ $1 Kb2 42. Ra7 Rd8+ $2 (42... Kb1 $19 {Hoping for ...b2.} 43. Kd2 b2) 43. Ke2 $2 {[%mdl 8192]} (43. Ke3 $17) 43... Rc8 $2 (43... Rf8 $19 {has better winning chances. White must now prevent ...Kc2.} 44. h5 Kc2 45. Rc7+ Kb1) 44. Rxf7 $2 {[%mdl 8192] [#]} (44. Kd2 $17) 44... Kc2 $2 (44... Kc3 $1 $19 45. Rxh7 b2) 45. Rxh7 $11 b2 46. Rb7 b1=Q 47. Rxb1 Kxb1 {KR-K3P} 48. e5 $2 {[%mdl 8192] [#]} (48. Ke3 $11) 48... Kc2 49. f4 Kc3 50. Ke3 Kc4 51. Ke4 Kc5 $2 (51... Rh8 {mates} 52. e6 Kc5 53. Ke5 Kc6 54. Kf6 Rxh4 55. Ke5 Rh5+ 56. f5 Rh6 57. f6 Rh5+ 58. Kf4 Kd6 59. f7 Ke7 60. Ke4 Rh3 61. Kd5 Re3 62. Kc4 Rxe6 63. Kb4 Kxf7 64. Kc4 Re5 65. Kd3 Ke6 66. Kd4 Kd6 67. Kc4 Rd5 68. Kb4 Rd4+ 69. Kb3 Kc5 70. Kc3 Rd8 71. Kb3 Rd3+ 72. Ka2 Kb4 73. Kb2 Rd2+ 74. Kc1 Kc3 75. Kb1 Kb3 76. Kc1 Rd4 77. Kb1 Rd1#) 52. f5 {[%cal Bf4f5,Bf5f6,Bf6f7][%mdl 32] The position is equal.} Rh8 (52... Rb8 $5 53. f6 $8 Rb4+ 54. Kf5 Kd5 $11) 53. f6 $1 Rxh4+ (53... Kc6 $5 54. Kf5 $8 Kd7 55. e6+ Kd6 $11) 54. Kf5 {Strongly threatening f7.} Kd5 55. f7 $1 {[%cal Rf7f8]} Rh1 {( -> ...Rf1+)} ({Wrong is} 55... Rh8 $2 56. e6 $18) 56. Kf6 {Precision: White = 55%, Black = 49%.} 1/2-1/2

[Event "84th Annual Southwest Open"]
[Site "Irving"]
[Date "2018.09.02"]
[Round "6"]
[White "Wang, Jason"]
[Black "Free, Graham"]
[Result "1/2-1/2"]
[WhiteElo "2184"]
[BlackElo "1926"]
[Annotator "TA"]
[PlyCount "116"]
[EventDate "2018.08.31"]
[EventType "swiss"]
[EventCountry "USA"]
[SourceTitle "playchess.com"]
[Source "ChessBase"]
[SourceQuality "1"]

{[%evp 22,116,21,25,52,62,73,79,83,85,205,208,255,271,263,253,247,262,257,229,239,195,179,173,180,167,167,169,198,202,239,224,241,248,325,329,530,533,489,350,349,327,387,394,388,392,389,378,458,443,534,531,530,529,535,534,527,530,492,4,4,4,4,4,8,8,8,0,8,-7,0,0,0,0,47,47,47,47,47,47,47,47,47,47,47,47,47,47,47,47,47,47,47,47,47,47,47]} 1. d4 d5 2. c4 c6 3. Nf3 Nf6 4. Qc2 dxc4 5. Qxc4 Bf5 6. g3 e6 7. Bg2 Nbd7 8. O-O Be7 9. Qb3 Qb6 10. Nbd2 {[%cal Bb1d2,Bd2c4,Bc4a5][%mdl 32] D23: Queen's Gambit Accepted: 3 Nf3 Nf6 sidelines} O-O 11. Nc4 Qxb3 12. axb3 {LiveBook: 14 Games. The position is equal.} Bc2 $146 ({Predecessor:} 12... Be4 13. Bf4 {½-½ (13) Khalifman,A (2640)-Roiz,M (2590) Sochi 2006}) 13. Na5 Bb4 14. Nxb7 Bxb3 15. Bd2 Be7 (15... Bd5 $16 {was worth a try.}) 16. Ne5 $18 Nxe5 17. dxe5 Nd7 {[%cal Bf6d7,Bd7e5,Be5d3][%mdl 32]} 18. Na5 Bd5 19. e4 Nxe5 20. exd5 cxd5 21. Be3 Rfc8 22. Rfc1 Nd3 23. Rxc8+ Rxc8 24. b3 Nb4 {and the idea ...Nc2 leaves Black hopeful.} 25. Bxa7 Ra8 26. Bb6 Ra6 27. Bc7 f6 28. Ra4 Bc5 $2 {[#]} (28... Kf8 {might work better.} 29. Bh3 h5) 29. Nb7 Be7 30. Rxa6 Nxa6 31. Bb6 Kf7 32. Bf1 Nb4 33. Bb5 e5 34. Nd8+ Kg6 35. Nc6 Nxc6 36. Bxc6 d4 37. Ba5 f5 38. f3 d3 39. b4 Bg5 40. b5 $2 {[#]} (40. Kf2 $18) 40... d2 $11 41. Bxd2 Bxd2 {[%mdl 4096] Endgame KB-KB} 42. Kf2 Ba5 43. Ke3 Kf6 44. Bd7 g6 45. g4 h6 46. Kd3 Ke7 47. Bc8 Kd6 48. gxf5 {White is slightly better.} gxf5 49. Bxf5 Bb6 50. Ke4 Bg1 51. h4 {[%cal Bh2h4,Bh4h5][%mdl 32]} Bh2 52. Bc8 Kc5 53. Bd7 Bg3 54. h5 Bh2 55. Bc6 Bg3 56. Kf5 Bh2 57. Ke6 Kb6 58. Kd5 Bg3 {Precision: White = 80%, Black = 56%.} 1/2-1/2

[Event "84th Annual Southwest Open"]
[Site "Irving"]
[Date "2018.09.02"]
[Round "6"]
[White "Vivekananthan, Anish"]
[Black "Chua, Alexander"]
[Result "1-0"]
[WhiteElo "2132"]
[BlackElo "2332"]
[Annotator "TA"]
[PlyCount "82"]
[EventDate "2018.08.31"]
[EventType "swiss"]
[EventCountry "USA"]
[SourceTitle "playchess.com"]
[Source "ChessBase"]
[SourceQuality "1"]

{[%evp 10,82,42,32,45,14,34,15,65,44,51,44,49,0,56,0,0,-22,-25,-125,-119,-131,-119,-124,-120,-129,-69,-180,-73,-66,-16,-20,-21,-13,-4,-264,-237,-260,-283,-546,-554,-588,-580,-572,-560,-925,-941,-918,-658,-629,-659,-658,-658,-648,-617,-606,-591,-538,-411,-411,-411,-412,-411,-411,-379,-350,-261,-370,-195,-200,-195,-208,-177,-216,-138]} 1. b3 e5 2. Bb2 d6 3. d4 e4 4. d5 f5 5. e3 Nf6 6. Nh3 {LiveBook: 8 Partien. A01: Larsen-Eröffnung} Nbd7 7. Nf4 {zielt auf Se6 ab.} Ne5 8. Nc3 {Weiß steht etwas besser.} c6 $146 ({Vorgänger:} 8... Qe7 9. h4 g6 10. Qd2 Bg7 11. Nb5 Nfg4 12. O-O-O Bf6 13. Nd4 Bxh4 {0-1 (65) Karayev,A (2275)-Abasov,N (2522) Kemer 2009}) 9. dxc6 bxc6 10. Be2 Be7 11. h4 O-O (11... Nfg4 $11) 12. Qd2 (12. h5 $14) 12... Nfg4 $11 13. g3 d5 14. Nh3 (14. Na4 $11) 14... Ba6 $1 $17 15. O-O-O Bxe2 16. Qxe2 Bb4 17. Qa6 Qb6 (17... Qe7 $17 18. Ne2 Rfb8) 18. Qa4 {[#]} ({Besser ist} 18. Qxb6 $15 axb6 19. a4) 18... Nxe3 (18... Nxf2 $1 $19 {[%mdl 512] und Schwarz behält klar die Oberhand.} 19. Nxd5 (19. Nxf2 Qxe3+) 19... cxd5 20. Nxf2 Qxe3+ 21. Kb1 Bc3 22. Bxc3 Qxc3) 19. Nxd5 Nd3+ 20. Rxd3 $1 Nxd5 21. Rdd1 a5 $36 {[%mdl 2048] Schwarz kämpft um Vorteil.} 22. Ng5 $2 {[%mdl 8192] [#]} (22. Nf4 $11 {und Weiss ist OK.}) 22... Qb7 $1 $19 {Und weiter mit ...Sb6 wäre nett.} 23. Bd4 {[#]} Rfe8 $1 24. Rhf1 $2 (24. Kb1 h6 25. Nh3) 24... h6 25. Nh3 e3 26. fxe3 Re4 27. c4 {[#]} Rxd4 $1 {[%mdl 512]} 28. cxd5 {[#]} (28. Rxd4 Nc3) 28... Bd2+ $1 {[%mdl 512]} 29. Rxd2 Rxa4 30. bxa4 cxd5 31. Nf4 Rb8 {[%csl Gb8][%cal Rb7b1]} 32. Kd1 Qa6 33. Nd3 Qc4 34. Rf4 Qc3 35. Rxf5 Re8 36. Rf3 Qc4 37. Rf4 Re4 38. Ke2 (38. Nf2 {war nötig.} Qf1+ 39. Kc2) 38... Qxa4 (38... g5 $142 39. hxg5 hxg5) 39. Nf2 {Schwarz steht deutlich besser.} Qb5+ 40. Kf3 Re6 41. Rf5 Qc4 {[%mdl 32768] Precision: Weiß = 34%, Schwarz = 50%. . Loss on Time!?} 1-0

[Event "84th Annual Southwest Open"]
[Site "Irving"]
[Date "2018.09.02"]
[Round "6"]
[White "Kumar, Naman"]
[Black "Drozdowski, Kacper"]
[Result "0-1"]
[WhiteElo "1914"]
[BlackElo "2489"]
[Annotator "TA"]
[PlyCount "72"]
[EventDate "2018.08.31"]
[EventType "swiss"]
[EventCountry "USA"]
[SourceTitle "playchess.com"]
[Source "ChessBase"]
[SourceQuality "1"]

{[%evp 15,72,33,44,-4,24,26,26,16,58,37,60,0,-9,-54,-20,-39,-32,-109,-89,-95,-93,-133,-107,-187,-189,-349,-129,-123,-132,-211,-191,-203,-197,-204,-186,-196,-193,-204,-196,-233,-221,-215,-220,-231,-210,-306,-296,-308,-307,-306,-305,-317,-316,-304,-316,-447,-460,-443,-432]} 1. e4 d6 2. d4 Nf6 3. Nc3 Nc6 4. d5 Nb8 5. Nf3 g6 6. Be2 Bg7 7. O-O c6 8. h3 O-O {LiveBook: 70 Games} 9. Bf4 {B08: Pirc Defence: Classical System} (9. a4 b6 10. Nd4 Bb7 11. a5 c5 12. Nb3 Na6 13. Bf4 Nc7 14. Qd2 Rb8 15. axb6 axb6 16. Rfe1 Re8 {½-½ (35) Svidler,P (2765)-Carlsen,M (2837) Riadh 2017}) 9... Nbd7 10. Re1 cxd5 11. exd5 {White has an edge.} Nc5 12. Be3 $146 ({Predecessor:} 12. Bf1 Re8 13. Qd2 Bd7 14. Bh6 Kh8 15. Rad1 Rc8 16. Nd4 a6 {½-½ (64) Bauer,E-Held,P Wuerttemberg 1992}) 12... Bf5 13. Bxc5 (13. Nd4 $14) 13... dxc5 $11 14. Nh4 Bc8 15. Bc4 Ne8 16. Ne4 (16. Nf3 $15) 16... Bxb2 17. Rb1 Bg7 18. Bb5 Nf6 19. Nxc5 (19. Bc4 $17) 19... Nxd5 $19 {Threatens to win with ...Nc3.} 20. Bc4 $2 {[#]} (20. Ne4) 20... Nb6 $2 (20... Nc3 $19 {has better winning chances.} 21. Qxd8 Rxd8) 21. Qxd8 $17 Rxd8 22. Bd3 (22. Bb3 $17 {is a better defense.} e6 23. Nf3) 22... Bd4 $19 23. Nb3 Bf6 24. Nf3 Nd5 {[%cal Bb6d5,Bd5f4,Bf4d3][%mdl 32]} 25. Nc5 b6 26. Ne4 Bg7 27. Bb5 Bf5 {White must now prevent ...Bxe4.} 28. Rb3 Rac8 29. c4 Nf4 30. Nfd2 (30. Ng3 {was called for.} Be6 31. Ra3) 30... Nd3 31. Re3 Nc5 32. Nxc5 {[#] Nce4 is the strong threat.} Rxd2 33. Ne4 Rxa2 34. g4 Be6 35. Ra3 (35. Rbd3 $142) 35... Rxa3 36. Rxa3 Bxc4 {Precision: White = 29%, Black = 66%.} 0-1

[Event "84th Annual Southwest Open"]
[Site "Irving"]
[Date "2018.09.02"]
[Round "6"]
[White "Oberoi, Shelev"]
[Black "Yim, Sung Ho"]
[Result "0-1"]
[WhiteElo "1896"]
[BlackElo "2271"]
[Annotator "TA"]
[PlyCount "71"]
[EventDate "2018.08.31"]
[EventType "swiss"]
[EventCountry "USA"]
[SourceTitle "playchess.com"]
[Source "ChessBase"]
[SourceQuality "1"]

{[%evp 17,71,-2,0,-17,-10,-49,-49,-61,-48,-57,-57,-75,-67,-70,-47,-65,-47,-56,-58,-56,-35,-49,-47,-99,-26,-112,-83,-92,-91,-156,-163,-176,-101,-131,-55,-55,-54,-58,-58,-60,-58,-70,-58,-70,-48,-46,-33,-43,0,0,0,0,65,0,0,2]} 1. e4 {[%cal Be2e4,Be4e5][%mdl 32]} c5 2. c3 Nf6 {[%cal Bg8f6,Bf6d5,Bd5b4,Bb4c2][%mdl 32]} 3. e5 Nd5 4. d4 cxd4 5. cxd4 d6 6. Nf3 Nc6 7. Bc4 dxe5 8. dxe5 Ndb4 9. Qb3 e6 {LiveBook: 64 Partien. B22: Sizilianisch (Alapin 2.c3)} 10. a3 (10. O-O a6 11. Bg5 Qc7 12. Nbd2 Nxe5 13. Nxe5 Qxe5 14. Nf3 Qc7 15. Qc3 Nc6 16. Rfe1 Qa5 17. Qc2 {½-½ (101) Korneev,O (2513)-Forcen Esteban,D (2569) Linares 2018}) 10... Na5 11. Bb5+ Bd7 {[%cal Bc8d7,Bd7b5,Bb5d3][%mdl 32] Schwarz steht etwas besser.} 12. Qa4 $1 Nc2+ 13. Qxc2 Bxb5 14. Bg5 $146 ({Vorgänger:} 14. Nc3 Qd3 15. Qxd3 Bxd3 16. Nd2 Nc6 17. f4 {0-1 (35) Filipovic,I (2010)-Grabics,M (2304) Pula 1999}) 14... Qd3 15. Qxd3 Bxd3 16. Nbd2 Nc6 17. Rc1 h6 18. Be3 Rd8 19. h4 Rd5 20. Rc3 {[#]} (20. Nb3 $15) 20... g6 (20... Be7 $1 $17 {zielt auf ...0-0 ab.} 21. Nc4 f6) 21. Rb3 (21. Nb3 $11) 21... b6 22. Rc3 Kd7 23. Kd1 {[#]} ({Besser ist} 23. Nb3) 23... Bg7 $1 $17 24. Bf4 Rd8 (24... f6 $19 {[%cal Rf6e5]} 25. Rxd3 Rxd3 26. exf6 Bxf6) 25. Re1 Kc7 (25... b5 $17 26. Re3 Bf1) 26. Kc1 $15 Kb7 27. Ne4 Bxe4 ({Bitte nicht} 27... Nxe5 $6 28. Nxe5 Bxe5 29. Bxe5 $16) 28. Rxe4 b5 {[%cal Bb6b5,Bb5b4][%mdl 32]} 29. Re1 a5 30. Kb1 Rd1+ 31. Rxd1 Rxd1+ 32. Kc2 Rf1 33. Be3 b4 34. Rc5 h5 ({Günstiger ist} 34... bxa3 $11 35. bxa3 Ra1) 35. g3 ({Lieber} 35. a4 $14) 35... Bf8 $11 36. Rb5+ {[%mdl 32768] Precision: Weiß = 43%, Schwarz = 57%. . Loss on Time!?} 0-1

[Event "84th Annual Southwest Open"]
[Site "Irving"]
[Date "2018.09.02"]
[Round "6"]
[White "Sanchez, Robert"]
[Black "Cervantes Landeiro, Thalia"]
[Result "1/2-1/2"]
[WhiteElo "1834"]
[BlackElo "2172"]
[Annotator "NA"]
[PlyCount "117"]
[EventDate "2018.08.31"]
[EventType "swiss"]
[EventCountry "USA"]
[SourceTitle "playchess.com"]
[Source "ChessBase"]
[SourceQuality "1"]
[TimeControl "5400+30"]

1. d4 {[%emt 0:00:00]} f5 {[%emt 0:00:00]} 2. g3 {[%emt 0:00:00]} Nf6 {[%emt 0:00:00]} 3. Bg2 {[%emt 0:00:00]} g6 {[%emt 0:00:00]} 4. c4 {[%emt 0:00:00]} Bg7 {[%emt 0:00:00]} 5. Nc3 {[%emt 0:00:00]} d6 {[%emt 0:00:00]} 6. Nf3 {[%emt 0:00:01]} O-O {[%emt 0:00:00]} 7. O-O {[%emt 0:00:06]} Qe8 {[%emt 0:00:00]} 8. d5 {[%emt 0:00:24]} a5 {[%emt 0:00:01]} 9. Be3 {[%emt 0:03:52]} Na6 {[%emt 0:00:08]} 10. Qc1 {[%emt 0:01:41] A87: Dutch Defence: Leningrad System: 5 Nf3} Ng4 {[%emt 0:00:05]} 11. Bd4 {[%emt 0:02:20]} Bh6 {[%emt 0:00:11]} 12. Qd1 {[%emt 0:12:41]} e5 {[%emt 0:01:43]} 13. dxe6 {[%emt 0:00:06]} c5 {[%emt 0:00:02] [#]} 14. Be3 $146 {[%emt 0:01:10]} ({Predecessor:} 14. e7 Rf7 15. Nb5 cxd4 16. Nxd6 Qxe7 17. Nxf7 Kxf7 {½-½ (43) Adianto,U (2591)-Hoang,T (2447) Jakarta 2004}) 14... Bxe3 {[%emt 0:06:59]} 15. fxe3 {[%emt 0:00:11]} Nxe3 {[%emt 0:00:04]} 16. Qd3 {[%emt 0:10:40]} Nxg2 {[%emt 0:01:42]} 17. Kxg2 {[%emt 0:00:33]} Nb4 {[%emt 0:00:56]} 18. Qxd6 {[%emt 0:06:22]} Qxe6 {[%emt 0:01:27]} 19. Qxe6+ {[%emt 0:07:52]} Bxe6 {[%emt 0:00:02]} 20. Rac1 {[%emt 0:00:04]} Bxc4 {[%emt 0:01:20]} 21. Ne5 {[%emt 0:13:25]} Be6 {[%emt 0:03:01]} ({Of course not} 21... Nxa2 $6 22. Nxc4 Nxc1 23. Rxc1 $11) 22. a3 {[%emt 0:02:17]} Nd5 {[%emt 0:00:38]} 23. Nxd5 {[%emt 0:01:59]} Bxd5+ {[%emt 0:00:01]} 24. Kf2 {[%emt 0:00:09]} f4 {[%emt 0:14:24]} 25. Nd7 {[%emt 0:05:26]} fxg3+ {[%emt 0:01:15]} 26. Kxg3 {[%emt 0:00:08]} Rxf1 {[%emt 0:00:11]} 27. Rxf1 {[%emt 0:00:05]} Bc6 {[%emt 0:09:06]} 28. Nxc5 {[%emt 0:01:14]} Re8 {[%emt 0:00:55]} 29. Re1 {[%emt 0:04:48]} Re5 {[%emt 0:03:01]} 30. Nd3 {[%emt 0:01:30]} Rg5+ {[%emt 0:00:39]} 31. Kf4 {[%emt 0:00:49]} Rg2 {[%emt 0:04:00]} 32. h4 {[%emt 0:00:45]} Bb5 {[%emt 0:02:02]} 33. Kf3 {[%emt 0:01:25]} Bc6+ $1 {[%emt 0:00:22]} 34. Kf4 {[%emt 0:01:51]} h5 {[%emt 0:04:42]} 35. Ne5 {[%emt 0:01:02]} Kg7 {[%emt 0:00:40]} 36. Nxc6 {[%emt 0:02:54]} bxc6 {[%emt 0:00:27]} 37. Kf3 {[%emt 0:00:14]} Rg4 {[%emt 0:00:06]} 38. Rc1 {[%emt 0:04:09]} Rxh4 {[%emt 0:00:43]} 39. Rxc6 {[%emt 0:00:07]} Rh3+ {[%emt 0:00:05]} 40. Kf2 {[%emt 0:00:35]} Rb3 {[%emt 0:00:05]} 41. Rc5 {[%emt 0:00:14]} Rxb2 {[%emt 0:01:38]} 42. Rxa5 {[%emt 0:00:02]} h4 {[%emt 0:00:39]} 43. Kf3 {[%emt 0:00:25]} h3 {[%emt 0:01:15]} 44. Kg3 {[%emt 0:00:22]} Rb3+ {[%emt 0:00:07]} 45. Kh2 {[%emt 0:00:09]} Kf6 {[%emt 0:01:34]} 46. Ra6+ {[%emt 0:00:49]} Kg5 {[%emt 0:00:22]} 47. a4 {[%emt 0:06:14]} Kh5 {[%emt 0:01:10]} 48. Rf6 {[%emt 0:00:43]} Re3 {[%emt 0:02:19]} 49. Rf3 {[%emt 0:00:52]} Rxe2+ {[%emt 0:00:05]} 50. Kxh3 {[%emt 0:00:07]} Ra2 {[%emt 0:00:47]} 51. Rf4 {[%emt 0:00:17]} g5 {[%emt 0:00:14]} 52. Rb4 {[%emt 0:00:06]} Ra3+ {[%emt 0:00:11]} 53. Kg2 {[%emt 0:00:04]} g4 {[%emt 0:00:06]} 54. Rb8 {[%emt 0:01:13]} Rxa4 {[%emt 0:00:43]} 55. Rb3 {[%emt 0:00:06]} Kh4 {[%emt 0:00:20]} 56. Rc3 {[%emt 0:01:01]} Ra2+ {[%emt 0:00:11]} 57. Kg1 $11 {[%emt 0:00:12]} Re2 {[%emt 0:01:26]} 58. Ra3 {[%emt 0:00:21]} g3 {[%emt 0:00:31]} 59. Ra8 {[%emt 0:00:28]} 1/2-1/2